00569nam a2200169Ii 450000100060000000300090000600800410001504000330005604100080008908200200009724501280011726400610024530000120030633600260031833700280034433800270037219502CO-ViMGA241108s9999||||xx |||||||||||||| ||und|| aCO-ViMGAbspaerdacCO-ViMGA0 aspa04a342.8610873 C6510aConvención internacional sobre la eliminación de todas las formas de discriminación racial (1965) :bley 1482 de 2011 1aBogotá, Colombia : Presidencia de la República, 2012 avolumen atextbtxt2rdacontent aunmediatedbn2rdamedia avolumebnc2rdacarrier